000 00333nam a2200169Ia 4500
100 _aJawaharlal Nehru
650 _aFiction
942 _cBK
366 _f20
654 _aindia
245 _aDiscovery of India
260 _bPenquin books
_c2004
082 _a323.44/NEH
300 _a642
546 _aENGLISH
999 _c17793
_d17793